LEADER 01234nam a2200301 u 4500 001 000000030798 003 CaOOAMICUS 005 20070226112052.0 008 970923s1990 it u000 u ita u 020 $a883113731X 035 $a10770147 040 $aPUL(R)$bita 100 1 $aRavasi, Gianfranco,$ccard.,$d1942-$0(OLS)http://pul/name/17144 245 13$aIl libro della Genesi :$b(1-11) /$cGianfranco Ravasi. 260 $aRoma :$bCittà Nuova,$cc1990. 300 $a175 p. ;$c20 cm 490 1 $aGuide spirituali all'Antico Testamento 504 $aBibliografia : p. 19-22. 830 0$aGuide spirituali all'Antico Testamento.$0(OLS)http://pul/title/41726 850 $aPUL 852 $aPUL$W1$xSL Religione 1$y3$m6 A 24$j42565$nBK-PRI$b $qStampati$B42565$CPULBib$Z2$F42565 $H $81 852 $aPUL$W1$xDP1 Fondo Bordoni$y120$m3 E 18$j166359$qFondi$B174138$CPULBib$Z2$F174138 $HBor30 $81 941 1 $a1 941 1 $a8 961 $aINV: 64992. 996 $6020$a883113731X$9(OLS)http://pul/number/38648 996 $6245$aIl libro della Genesi :$b(1-11)$9(OLS)http://pul/title/42319 996 $6260$aRoma :$bCittà Nuova$9(OLS)http://pul/publisher/47927 LEADER 01310nam a2200301 a 4500 001 000000134954 003 CaOOAMICUS 005 20130716121613.0 008 130716s1966 it u000 u ita r 020 $a88-14-14395-1 040 $aPUL$bita 082 04$a346.02 100 1 $aFerri, Giovanni B.$0(OLS)http://pul/name/29320 245 10$aCausa e tipo nella teoria del negozio giuridico /$cGiovanni B. Ferri. 260 $aMilano :$bA. Giuffrè,$c1966. 300 $a415 p. ;$c25 cm 490 1 $aUniversità di Roma. Facoltà di Giurisprudenza. Studi di diritto civile ;$v03 504 $aBibliografia in nota. 650 4$aNegozi giuridici.$0(OLS)http://pul/subject/19298 830 0$aStudi di diritto civile (Università di Roma. Facoltà di giurisprudenza) ;$v03.$0(OLS)http://pul/title/54822 850 $aPUL 852 $aPUL$W1$xSL Diritto e Scienze Sociali 3$y79$m346. 02 FERGI 1$j155317$qDDC 21$B154864$CPULBib$Z2$F154864 $H122735 $82 941 1 $a9 996 $6020$a88-14-14395-1$9(OLS)http://pul/number/153312 996 $6082$a346.02$9(OLS)http://pul/classification/605 996 $6245$aCausa e tipo nella teoria del negozio giuridico$9(OLS)http://pul/title/170676 996 $6260$aMilano :$bA. Giuffrè$9(OLS)http://pul/publisher/48096